000 00246 a2200097 4500
001 54367
100 _aSkoog, Douglas A.
245 _aFundamentals of analytical chemistry, 8th Ed
260 _aIbd
_bNBF IBD
_c2000
090 _c33861
_d33861
942 _aNUST-CAE
_cMONOGRAPH
_c26515
999 _c289440
_d289440